000 00899nas a2200277 4500
001 BR0703632
003 BR-BrBNA
005 20231205110903.0
007 ta
008 230509b bl.|||p| |||| 00| 00por d
040 _aBR-BrBNA
_bpor
_cBiblioteca Nacional de Agricultura
041 _a(Pt)
072 _aP10
100 1 _aFia, R.
100 1 _aMatos, A.T. de
100 1 _aLuiz, F.A.R. de
100 1 _aPereira, P. dos A.
245 1 _aCoeficientes de degradação da matéria orgânica de água residuária da lavagem e descascamento dos frutos do cafeeiro em condições anóxica e aeróbia
650 _aCAFÉ
650 _aMATÉRIA ORGÂNICA
650 _aÁGUAS RESIDUAIS
650 _aLAVAGEM
773 0 _tEngenharia na Agricultura (Brazil)
_xISSN 1414-3984
_g(Jan-Mar 2007), v. 15(1) p. 45-54
_wBR0703632
909 _a202311
_bLúcia
_c55
_dLúcia Elande
942 _2AGRIS
_n0
_cANA
999 _c189603
_d189603